Mathematical analysis. An introduction.

Сохранить в:
Библиографические подробности
Главный автор: Browder, Andrew (Автор)
Формат: Неизвестно
Опубликовано: New York, USA: Springer, 1996.
Серии:Undergraduate Texts in Mathematics.
Предметы:
Метки: Добавить метку
Нет меток, Требуется 1-ая метка записи!

MARC

LEADER 00000 a2200000 4500
003 CL-VaPUC
005 20240624113448.0
008 240618t1996 ||||| |||| 00| 0 eng d
999 |c 443645  |d 443643 
020 |a 9780387946146 
040 |c Pontificia Universidad Católica de Valparaíso 
082 7 |a 518 BRO 1996  |2 22 
100 |a Browder, Andrew  |9 888694  |e author 
245 |a Mathematical analysis.  |b An introduction.  
260 |a New York, USA:  |b Springer,  |c 1996. 
300 |a xiv, 333 páginas.  
490 |a Undergraduate Texts in Mathematics.  
583 |k GC  |c 20240618 
650 0 |a Análisis matemático   |9 260146 
650 0 |a Números reales  |9 270334 
942 |2 ddc  |c BK  |m 1 
952 |0 0  |1 0  |2 ddc  |4 0  |6 518_000000000000000_BRO_1996  |7 0  |8 A  |9 595121  |a BIBMAT  |b BIBMAT  |d 2024-06-18  |e 13  |g 75327.00  |i 5661551  |l 2  |m 1  |o 518 BRO 1996  |p 5661551  |r 2025-01-07  |s 2024-10-11  |t 1  |v 75327.00  |w 2024-06-18  |y BK  |k MAT